Statistics for Sanders sides quiz

Click here to take the quiz!

General Stats

  • This quiz has been taken 196 times
  • The average score is 15 of 22

Answer Stats

QuestionsAnswer% Correct
Logic's nameLogan
99%
Morality's namePatton
99%
Green/Dark Creativity's nameRemus
99%
Red/Light Creativity's nameRoman
99%
Creator of the seriesThomas
99%
What year did Sanders sides start2016
90%
What side is half sneakDeceit
90%
What insect is Morality afraid ofspiders
89%
Was anxiety originally a light or dark sidedark
77%
what is the only jelly you should put in your bellycrofters
74%
what side has a sword (use name)Roman
74%
what side knows Spanish (use name)Roman
72%
what side uses the nickname kiddomorality
71%
who misused the word infinitesimallogic
69%
what word does logic use for incorrectfalsehood
63%
In what video was dark/green creativity's name revealed indealing with intrusive thoughts
55%
What video did we meet Deceitcan lying be good
48%
what does infinitesimal meanreally small
41%
In what video was Anxiety's name revealed inaccepting anxiety 2/2
32%
In what video was Red/light creativity's revealed name inam i original
32%
In what video was Morality's name revealed ingrowing up
32%
In what video was logics name revealed inlosing my motivation
25%

Score Distribution

Percentile by Number Answered

Percent of People with Each Score

Your Score History

You have not taken this quiz